000
00343nam a2200145Ia 4500
008
221030s9999 xx 000 0 und d
041
_a
English
082
_a
105.23
_b
Lee
100
_a
Lee
245
0
_a
Introducing Systems Analysis & Design
260
_b
Galgotia Pub
_a
New Delhi
_c
2003
300
_a
556
650
_a
Computers
942
_c
BK
999
_c
8654
_d
8654